Thơ và truyện ngắn Lưu Quang Vũ

Zapisane w:
Opis bibliograficzny
1. autor: Lưu Quang Vũ
Format: Książka
Język:Undetermined
Wydane: H. Hội Nhà Văn 1998
Hasła przedmiotowe:
Etykiety: Dodaj etykietę
Nie ma etykietki, Dołącz pierwszą etykiete!
Thư viện lưu trữ: Trung tâm Học liệu Trường Đại học Cần Thơ
LEADER 00518nam a2200181Ia 4500
001 CTU_53410
008 210402s9999 xx 000 0 und d
020 |b 35000 
082 |a 895.9221 
082 |b V500 
100 |a Lưu Quang Vũ 
245 0 |a Thơ và truyện ngắn Lưu Quang Vũ 
245 0 |c Lưu Quang Vũ 
260 |a H. 
260 |b Hội Nhà Văn 
260 |c 1998 
650 |a vietnamese poetry,short stories, vietnamese 
980 |a Trung tâm Học liệu Trường Đại học Cần Thơ